000 00656nam a2200205Ia 4500
003 GCL
008 140319s9999 xx 000 0 ara d
040 _aGCL /
_cGCL
082 0 4 _a822
_bم د
100 1 _aمجدى وهبة
245 1 0 _aدرايدن والشعر المسرحى /
_cمجدى وهبة
700 1 _aمحمد عنانى
300 _a158 ص
490 _aالكلاسيكية الجديدة فى المسرح
_v0
650 0 4 _aالعصر الحديث
650 0 4 _aالادب الانجليزى
650 0 4 _aالشعر المسرحى
650 0 4 _aالمسرحيات الانجليزية - ـتاريخ ونقد
942 _2ddc
_cBK
999 _c47521
_d47521